01407nam a2200349 a 4500001001000000003000500010005001700015008004100032010001100073011001100084040000900095090001000104100004200114245020200156260004100358500006000399502008000459590004100539590004100580590004000621590004000661650002900701650003600730650003300766650003200799856007000831901000700901942001000908942000600918999001900924952011400943000116003CHAP20220329144556.0190827s2019 mx a |sm |||||||spa d a112464 a113436 cCHAP aTesis1 aVazquez Robles, Luis Enrique.913670510aComparacíon económica y de fertilidad del suelo en huertas de aguacate orgánico y convencional, en el municipio de Ario de Rosales, Michoacánh[En línea]cpor Luis Enrique Vazquez Robles. aChapingo, Méx. :bEl autor,c2019. aPara ver el contenido del material haga clic en la liga aTesis (Ingeniero en Agroecología) -- UACH. Departamento de Agroecología aBATCH-UPDb05c20190827lUCH01h1126 aE11695DGDb10c20190827lUCH01h1440 aE6337LMJb05c20190827lUCH01h1125 aE6337LMJb05c20190827lUCH01h112514aAguacatexCalidad.9249514aAguacatexProducción.913469214aAguacatexRendimiento.9255314aSuelosxFertilidad.9110367 aFinding aiduhttp://10.13.5.2/tesis/sist116003.pdfzTeclea aquí aBK cTESIS n0 c112464d112464 00102local40718TESISaBCbBCd2019-08-27fTESISl0oTesisp116014-10r2019-12-31 00:00:00w2019-08-27yCD